| 000 | 00000nas 2200000zi 4500 |
| 001 | 9.873207 |
| 003 | CaOODSP |
| 005 | 20221107163841 |
| 006 | m o d f |
| 007 | cr ||||||||||| |
| 008 | 190517d19691972onc x m o f0###|0eng|d |
| 040 | |aCaOODSP|beng|erda|cCaOODSP |
| 043 | |an-cn--- |
| 086 | 1 |aZ1-1963/1-2E-PDF |
| 130 | 0 |aDocuments of the Royal Commission on Bilingualism and Biculturalism. |
| 245 | 10|aDocuments of the Royal Commission on Bilingualism and Biculturalism. |
| 264 | 1|aOttawa : |bRoyal Commission on Bilingualism and Biculturalism, |c1969-1972? |
| 310 | |aIrregular |
| 336 | |atext|btxt|2rdacontent |
| 337 | |acomputer|bc|2rdamedia |
| 338 | |aonline resource|bcr|2rdacarrier |
| 362 | 1 |aBegan with 1; ceased with 11? |
| 500 | |aIssued also in French under title: Documents de la Commission royale d'enquête sur le bilinguisme et le biculturalisme. |
| 500 | |aDigitized edition from print [produced by Privy Council Office]. |
| 692 | 07|2gccst|aBilingualism |
| 692 | 07|2gccst|aCultural diversity |
| 692 | 07|2gccst|aCommissions of inquiry |
| 710 | 1 |aCanada. |bPrivy Council Office. |
| 710 | 1 |aCanada. |bRoyal Commission on Bilingualism and Biculturalism. |
| 775 | 08|tDocuments de la Commission royale d'enquête sur le bilinguisme et le biculturalisme. |w(CaOODSP)9.873209 |